Prime regional residential markets (Record no. 111916)

MARC details
000 -LEADER
fixed length control field 01146cad a22002415a 4500
001 - CONTROL NUMBER
control field L152195
008 - FIXED-LENGTH DATA ELEMENTS--GENERAL INFORMATION
fixed length control field 110209s2011 xxkdo f 000 0 eng d
035 ## - SYSTEM CONTROL NUMBER
System control number (Sirsi) u152195
041 0# - LANGUAGE CODE
Language code of text/sound track or separate title eng
050 04 - LIBRARY OF CONGRESS CALL NUMBER
Classification number 333.33 $2 18
110 2# - MAIN ENTRY--CORPORATE NAME
Corporate name or jurisdiction name as entry element Savills Research
9 (RLIN) 5211
245 00 - TITLE STATEMENT
Title Prime regional residential markets
Remainder of title new year 2011
Medium [electronic resource]
260 ## - PUBLICATION, DISTRIBUTION, ETC.
Place of publication, distribution, etc. London
Name of publisher, distributor, etc. Savills
Date of publication, distribution, etc. 2011
490 #0 - SERIES STATEMENT
Series statement Savills Market in Minutes
Volume/sequential designation New Year 2011
520 ## - SUMMARY, ETC.
Summary, etc. Prime United Kingdom regional residential markets for the second quarter 2010 based on the Savills Prime Regional Index. All prime regional property recorded a value rise of 1.0% during 2010. Regions with closer ties to London, and within commutable distance have outperformed the prime northern regions.
521 ## - TARGET AUDIENCE NOTE
Target audience note Advanced
590 ## - LOCAL NOTE (RLIN)
Local note KA
650 24 - SUBJECT ADDED ENTRY--TOPICAL TERM
Topical term or geographic name entry element SAVILLS MARKET IN MINUTES
651 #4 - SUBJECT ADDED ENTRY--GEOGRAPHIC NAME
Geographic name United Kingdom
Chronological subdivision
690 ## - LOCAL SUBJECT ADDED ENTRY--TOPICAL TERM (OCLC, RLIN)
Topical term or geographic name as entry element Residential property
9 (RLIN) 6266
856 40 - ELECTRONIC LOCATION AND ACCESS
Uniform Resource Identifier <a href="https://links.cecollect.com/911/1201/Market%20in%20Minutes%20-%20Prime%20Regional%20Markets%20-%20New%20Year%202011.pdf">https://links.cecollect.com/911/1201/Market%20in%20Minutes%20-%20Prime%20Regional%20Markets%20-%20New%20Year%202011.pdf</a>
Public note View the report free of charge (after registration) at www.savills.co.uk
942 ## - ADDED ENTRY ELEMENTS (KOHA)
Suppress in OPAC 0
Holdings
Withdrawn status Lost status Source of classification or shelving scheme Damaged status Not for loan Home library Current library Shelving location Date acquired Total Checkouts Full call number Barcode Date last seen Copy number Price effective from Koha item type
    Dewey Decimal Classification     Virtual Virtual Online 09/02/2011   ONLINE PUBLICATION 152195-2001 06/08/2019 1 06/08/2019 Book